Diseño y construcción de un horno de volteo

Na minha lista:
Detalhes bibliográficos
Autor principal: Alvarado Villalón, Carlos
Outros Autores: Roldán Chacón, Fernando
Formato: Livro
Publicado em: [San José , Costa Rica] 1979
Tags: Adicionar Tag
Sem tags, seja o primeiro a adicionar uma tag!

MARC

LEADER 00000nam a2200000Ia 4500
003 005337
005 20221231144325.0
008 140114s1979 cr a m 000 ||s d
040 |c cru CEDI 
090 |a TFG 2535 
100 |a Alvarado Villalón, Carlos  |9 12593 
245 |a Diseño y construcción de un horno de volteo 
260 |c 1979  |a [San José , Costa Rica] 
300 |a [v], 45,[2] hojas : ilustraciones, 5 planos  
500 |a Universidad de Costa Rica. Escuela de Ingeniería Mecánica 
700 |9 12594  |a Roldán Chacón, Fernando 
942 |c TFG 
999 |c 20172  |d 20172